Quel(s) pape(s) dans ce pays ? (2) - Statistiques

Statistiques générales
  • Ce quiz a été pris 5 fois
  • Le résultat moyen est 21 sur 136
Statistiques - réponses
Question Tuile Select % Correct
Tunisie Non
100%
Tunisie Non
100%
Uruguay Non
80%
Timor oriental Non
80%
Zambie Non
60%
Timor oriental Non
60%
Bangladesh Non
60%
Uruguay Non
40%
Ukraine Non
40%
Ukraine Non
40%
Zambie Non
40%
Timor oriental Non
40%
Bangladesh Non
40%
Sri Lanka Non
20%
Sri Lanka Oui
20%
Sainte-Lucie Non
20%
Sainte-Lucie Non
20%
Sainte-Lucie Oui
20%
Sainte-Lucie Non
20%
Soudan Non
20%
Soudan Non
20%
Eswatini Non
20%
Eswatini Non
20%
Suède Non
20%
Syrie Non
20%
Syrie Non
20%
Tchéquie Non
20%
Tchéquie Oui
20%
Tchéquie Non
20%
Salvador Non
20%
Salvador Non
20%
Tanzanie Non
20%
Tanzanie Non
20%
Tanzanie Oui
20%
Tanzanie Non
20%
Tchad Non
20%
Tchad Non
20%
Thaïlande Non
20%
Thaïlande Oui
20%
Thaïlande Non
20%
Togo Non
20%
Togo Non
20%
Trinité-et-Tobago Non
20%
Trinité-et-Tobago Non
20%
Tunisie Oui
20%
Tunisie Non
20%
Turquie Oui
20%
Uruguay Non
20%
Ukraine Oui
20%
Ukraine Non
20%
Venezuela Non
20%
Venezuela Non
20%
Zambie Non
20%
Zimbabwe Non
20%
Zimbabwe Non
20%
Timor oriental Oui
20%
Iran Non
20%
Iran Non
20%
Samoa Non
20%
Samoa Non
20%
Indonésie Non
20%
Indonésie Non
20%
Chypre Non
20%
Chypre Non
20%
Bolivie Oui
20%
Bolivie Non
20%
Bolivie Non
20%
Birmanie Non
20%
Birmanie Non
20%
Emirats arabes unis Non
20%
Emirats arabes unis Non
20%
Macédoine Non
20%
Macédoine Non
20%
Irak Non
20%
Irak Non
20%
Bahreïn Non
20%
Bahreïn Non
20%
Soudan-du-Sud Non
20%
Soudan-du-Sud Non
20%
Mongolie Non
20%
Mongolie Non
20%
Sri Lanka Oui
0%
Sri Lanka Oui
0%
Soudan Oui
0%
Soudan Non
0%
Eswatini Oui
0%
Eswatini Non
0%
Suède Oui
0%
Suède Non
0%
Suède Oui
0%
Syrie Non
0%
Syrie Oui
0%
Tchéquie Oui
0%
Salvador Oui
0%
Salvador Non
0%
Tchad Oui
0%
Tchad Non
0%
Thaïlande Oui
0%
Togo Oui
0%
Togo Non
0%
Trinité-et-Tobago Non
0%
Trinité-et-Tobago Oui
0%
Turquie Oui
0%
Turquie Oui
0%
Turquie Oui
0%
Uruguay Oui
0%
Venezuela Non
0%
Venezuela Oui
0%
Zambie Oui
0%
Zimbabwe Non
0%
Zimbabwe Oui
0%
Iran Non
0%
Iran Oui
0%
Bangladesh Oui
0%
Bangladesh Oui
0%
Samoa Non
0%
Samoa Oui
0%
Indonésie Non
0%
Indonésie Oui
0%
Chypre Oui
0%
Chypre Oui
0%
Bolivie Oui
0%
Birmanie Oui
0%
Birmanie Non
0%
Emirats arabes unis Oui
0%
Emirats arabes unis Non
0%
Macédoine Oui
0%
Macédoine Non
0%
Irak Oui
0%
Irak Non
0%
Bahreïn Oui
0%
Bahreïn Non
0%
Soudan-du-Sud Oui
0%
Soudan-du-Sud Non
0%
Mongolie Oui
0%
Mongolie Non
0%
Aucun quiz correspondant
Distribution des résultats
% des personnes avec chaque résultat
Percentile par nombre de réponses
Votre historique - résultats
Vous n’avez pas pris ce quiz